[Event "FICGS class C 000303 email"]
[Site "FICGS email"]
[Date "2019.04.08"]
[Round "1"]
[White "Krug, Evgeny"]
[Black "Evgen, Novik"]
[Result "1-0"]
[WhiteElo "1973"]
[BlackElo "1969"]
[PlyCount "61"]
[EventDate "2019.??.??"]
[EventType "tourn (corr)"]
[EventRounds "1"]
[SourceTitle "Corr 2022"]
[Source "ChessBase"]
[SourceDate "2021.10.24"]
[SourceVersion "1"]
[SourceVersionDate "2021.10.24"]
[SourceQuality "1"]

1. d4 d5 2. Nf3 Nf6 3. c4 e6 4. Nc3 Bb4 5. Bg5 dxc4 6. e4 c5 7. Bxc4 cxd4 8. Nxd4 Qa5 9. Bd2 Qc5 10. Bb5+ Bd7 11. Nb3 Qe7 12. Bd3 Bxc3 13. Bxc3 0-0 14. 0-0 Nc6 15. a3 Rfd8 16. Na5 b6 17. Nxc6 Bxc6 18. Qe2 Nd7 19. b4 Rac8 20. Rac1 Bb7 21. Bb2 e5 22. Rfd1 Rxc1 23. Rxc1 Nf8 24. Rd1 Bc8 25. g3 f6 26. h4 Be6 27. Ba6 Rxd1+ 28. Qxd1 Bf7 29. Qc2 h6 30. Qc8 Qd6 31. Bf1 1-0

[Event "SC-2018-0-00352"]
[Site "LSS email"]
[Date "2018.05.30"]
[Round "?"]
[White "Rodriguez, Raul"]
[Black "Krug, Evgeny"]
[Result "1/2-1/2"]
[WhiteElo "1888"]
[BlackElo "1796"]
[PlyCount "78"]
[EventDate "2018.03.28"]
[EventType "tourn (corr)"]
[EventRounds "6"]
[EventCountry "GER"]
[SourceTitle "Corr 2022"]
[Source "ChessBase"]
[SourceDate "2021.10.24"]
[SourceVersion "1"]
[SourceVersionDate "2021.10.24"]
[SourceQuality "1"]

1. e4 c5 2. Nf3 Nc6 3. d4 cxd4 4. Nxd4 e5 5. Nb5 d6 6. N1c3 a6 7. Na3 b5 8. Nd5 Nf6 9. Bg5 Be7 10. Bxf6 Bxf6 11. c3 Ne7 12. Nxf6+ gxf6 13. Bd3 d5 14. Qe2 d4 15. cxd4 Qxd4 16. 0-0 Rg8 17. Nc2 Qb6 18. a4 Bg4 19. Qe3 Qxe3 20. fxe3 bxa4 21. Rxf6 Bd7 22. Bc4 Rg7 23. Nb4 Rc8 24. Bxa6 Rb8 25. Nd3 Rg6 26. Rxg6 hxg6 27. Nxe5 Nc6 28. Nxd7 Kxd7 29. Ra2 Ne5 30. Be2 Ke7 31. Kf1 Nd7 32. Rxa4 Rxb2 33. Ra7 Rb1+ 34. Kf2 Rb2 35. Kf1 Rb1+ 36. Kf2 Rb2 37. Ke1 Kd6 38. Ra6+ Ke7 39. Ra5 f6 1/2-1/2

[Event "FICGS class C 000226 email"]
[Site "FICGS email"]
[Date "2015.10.14"]
[Round "1"]
[White "Hilbert, Stephan"]
[Black "Krug, Evgeny"]
[Result "0-1"]
[WhiteElo "1644"]
[BlackElo "1900"]
[PlyCount "54"]
[EventDate "2015.??.??"]
[EventType "tourn (corr)"]
[EventRounds "1"]
[SourceTitle "Corr 2022"]
[Source "ChessBase"]
[SourceDate "2021.10.24"]
[SourceVersion "1"]
[SourceVersionDate "2021.10.24"]
[SourceQuality "1"]

1. e4 e5 2. Nf3 Nf6 3. Nxe5 d6 4. Nxf7 Kxf7 5. d4 Be7 6. Bc4+ d5 7. exd5 Bb4+ 8. c3 Re8+ 9. Be3 Bd6 10. 0-0 Kg8 11. Na3 Nbd7 12. Nb5 Nb6 13. Nxd6 Qxd6 14. Bb3 Nbxd5 15. c4 Ng4 16. g3 Ndxe3 17. fxe3 Qh6 18. Qd2 Rxe3 19. c5+ Be6 20. Bxe6+ Qxe6 21. d5 Qe5 22. Rae1 Rf8 23. Rxf8+ Kxf8 24. Rf1+ Kg8 25. d6 Re2 26. Qd3 Qxc5+ 27. Kh1 Rxh2# 0-1

[Event "SC-2015-0-00273"]
[Site "LSS email"]
[Date "2015.10.14"]
[Round "?"]
[White "Krug, Evgeny"]
[Black "Habes, Jiri"]
[Result "1/2-1/2"]
[WhiteElo "1792"]
[BlackElo "1787"]
[PlyCount "68"]
[EventDate "2015.08.27"]
[EventType "tourn (corr)"]
[EventRounds "6"]
[EventCountry "GER"]
[SourceTitle "Corr 2022"]
[Source "ChessBase"]
[SourceDate "2021.10.24"]
[SourceVersion "1"]
[SourceVersionDate "2021.10.24"]
[SourceQuality "1"]

1. d4 d5 2. Nf3 Nf6 3. Bf4 g6 4. c4 Bg7 5. e3 0-0 6. Nc3 Nc6 7. cxd5 Nxd5 8. Nxd5 Qxd5 9. Be2 Qa5+ 10. Qd2 Qb6 11. 0-0 Rd8 12. Qc3 Be6 13. a3 a5 14. Nd2 a4 15. Rac1 Bd5 16. Nc4 Bxc4 17. Bxc4 e6 18. Be2 Bf8 19. Rc2 Bd6 20. Bh6 Qa5 21. Bf3 Qxc3 22. Rxc3 f6 23. Rb1 Kf7 24. g3 g5 25. Bh5+ Ke7 26. Rbc1 Rg8 27. Kg2 Ra5 28. h3 e5 29. Rc4 f5 30. dxe5 Nxe5 31. Rd4 Nc6 32. Rdc4 Ne5 33. Rd4 Nc6 34. Rdc4 Ne5 1/2-1/2

[Event "SC-2015-0-00273"]
[Site "LSS email"]
[Date "2015.10.14"]
[Round "?"]
[White "Krug, Evgeny"]
[Black "Van Gysel, Marc"]
[Result "0-1"]
[WhiteElo "1792"]
[BlackElo "1859"]
[PlyCount "114"]
[EventDate "2015.08.27"]
[EventType "tourn (corr)"]
[EventRounds "6"]
[EventCountry "GER"]
[SourceTitle "Corr 2022"]
[Source "ChessBase"]
[SourceDate "2021.10.24"]
[SourceVersion "1"]
[SourceVersionDate "2021.10.24"]
[SourceQuality "1"]

1. d4 Nf6 2. Nf3 d5 3. Bf4 c6 4. Nc3 Bf5 5. h3 Nbd7 6. e3 e6 7. a3 Be7 8. Bd3 0-0 9. 0-0 Rc8 10. Re1 Re8 11. e4 dxe4 12. Nxe4 Nxe4 13. Bxe4 Bxe4 14. Rxe4 Nf6 15. Re1 c5 16. dxc5 Qxd1 17. Raxd1 Rxc5 18. c3 Rb5 19. Rd2 Rd5 20. Kf1 Rxd2 21. Bxd2 Rc8 22. Be3 a6 23. Bd4 Nd5 24. g3 b5 25. Kg2 h5 26. Re4 a5 27. Nd2 h4 28. gxh4 f6 29. Re1 Kf7 30. Be3 e5 31. Kg3 g6 32. Ne4 Nxe3 33. fxe3 Ke6 34. Rd1 Rg8 35. Nd2 Rd8 36. Kf3 a4 37. Ke2 Rh8 38. Nf3 f5 39. Rb1 Bxh4 40. Rg1 Kf6 41. e4 Rh5 42. c4 bxc4 43. Rc1 Bg3 44. Rxc4 Rxh3 45. Rxa4 fxe4 46. Rxe4 g5 47. Kf1 Bf4 48. Ng1 Rb3 49. Rb4 Rd3 50. Ke2 Re3+ 51. Kf1 Kf5 52. Ne2 g4 53. Rc4 g3 54. Ng1 Rb3 55. Rc2 Rb8 56. a4 Rh8 57. b4 Be3 0-1

[Event "FICGS class C 000231 email"]
[Site "FICGS email"]
[Date "2015.09.30"]
[Round "1"]
[White "Duenas, Alexis"]
[Black "Krug, Evgeny"]
[Result "1/2-1/2"]
[WhiteElo "1901"]
[BlackElo "1900"]
[PlyCount "65"]
[EventDate "2015.??.??"]
[EventType "tourn (corr)"]
[EventRounds "1"]
[SourceTitle "Corr 2022"]
[Source "ChessBase"]
[SourceDate "2021.10.24"]
[SourceVersion "1"]
[SourceVersionDate "2021.10.24"]
[SourceQuality "1"]

1. d4 d5 2. c4 e6 3. Nf3 Be7 4. g3 c5 5. Bg2 Nf6 6. 0-0 0-0 7. cxd5 exd5 8. dxc5 Bxc5 9. Nc3 Nc6 10. Bg5 Be6 11. Rc1 Be7 12. Nd4 Rc8 13. Nxe6 fxe6 14. Bh3 Qd7 15. e4 d4 16. Qb3 Kf7 17. Ne2 Nxe4 18. Qf3+ Bf6 19. Qxe4 Bxg5 20. Rcd1 Rcd8 21. Nxd4 Nxd4 22. Rxd4 Qc6 23. Qg4 Rxd4 24. Qxd4 b6 25. Re1 Re8 26. Qd3 g6 27. b4 Bf6 28. b5 Qc7 29. Qe4 Qd6 30. Qc6 Be5 31. Qxd6 Bxd6 32. Kg2 Kf6 33. Rd1 1/2-1/2

[Event "CP-2015-P-00029"]
[Site "LSS email"]
[Date "2015.09.28"]
[Round "?"]
[White "Krug, Evgeny"]
[Black "Orlov, Vladimir"]
[Result "1/2-1/2"]
[WhiteElo "1794"]
[BlackElo "2181"]
[PlyCount "134"]
[EventDate "2015.10.01"]
[EventType "tourn (corr)"]
[EventRounds "6"]
[EventCountry "GER"]
[SourceTitle "Corr 2022"]
[Source "ChessBase"]
[SourceDate "2021.10.24"]
[SourceVersion "1"]
[SourceVersionDate "2021.10.24"]
[SourceQuality "1"]

1. e4 e6 2. d4 d5 3. exd5 exd5 4. Nf3 Bd6 5. c4 Nf6 6. c5 Be7 7. Nc3 0-0 8. Be3 b6 9. Be2 Ng4 10. Bf4 bxc5 11. 0-0 c6 12. dxc5 Bxc5 13. h3 Nf6 14. Rc1 Bb7 15. Na4 Bb6 16. Nd4 Re8 17. Nxb6 axb6 18. Bxb8 Qxb8 19. Nxc6 Qd6 20. Bb5 Rec8 21. Nd4 Rxa2 22. Rxc8+ Bxc8 23. Qb3 Ra8 24. Rc1 Bb7 25. Bc6 Qf4 26. Rd1 Bxc6 27. Nxc6 Qa4 28. Ne7+ Kf8 29. Qxa4 Rxa4 30. Nxd5 Nxd5 31. Rxd5 Rb4 32. Rd2 Ke7 33. Kf1 Kf6 34. Ke2 Ke5 35. Rc2 b5 36. Kd3 Rb3+ 37. Ke2 f5 38. Kd1 Rb4 39. Rc5+ Ke6 40. Rc2 g5 41. Re2+ Kd5 42. f3 h5 43. Ke1 Kc4 44. Rc2+ Kd3 45. Rd2+ Ke3 46. Re2+ Kf4 47. Kf2 h4 48. Rd2 Rb3 49. Rd4+ Ke5 50. Rd2 Rb4 51. Re2+ Kd4 52. Rd2+ Kc4 53. Ke3 Rb3+ 54. Ke2 b4 55. Rc2+ Kb5 56. Rd2 Ka4 57. Kd1 Re3 58. Kc2 Re8 59. Rf2 Rc8+ 60. Kb1 Rc4 61. Rd2 b3 62. Re2 Rc5 63. Rd2 Kb5 64. Rd3 Kb4 65. Rd2 Rc6 66. Re2 Rc4 67. Rd2 Kc5 1/2-1/2

[Event "SC-2015-0-00262"]
[Site "LSS email"]
[Date "2015.06.15"]
[Round "?"]
[White "Vergara Rodriguez, Jose Antonio"]
[Black "Krug, Evgeny"]
[Result "1/2-1/2"]
[WhiteElo "1676"]
[BlackElo "1773"]
[PlyCount "62"]
[EventDate "2015.04.03"]
[EventType "tourn (corr)"]
[EventRounds "6"]
[EventCountry "GER"]
[SourceTitle "Corr 2022"]
[Source "ChessBase"]
[SourceDate "2021.10.24"]
[SourceVersion "1"]
[SourceVersionDate "2021.10.24"]
[SourceQuality "1"]

1. e4 c5 2. Nf3 d6 3. d4 cxd4 4. Nxd4 e5 5. Nb3 Nf6 6. Nc3 h6 7. Be2 Be7 8. 0-0 b6 9. Bb5+ Nbd7 10. Bc6 Ba6 11. Bxa8 Bxf1 12. Qxf1 Qxa8 13. Qd3 Qb7 14. f3 0-0 15. Be3 Nc5 16. Nxc5 dxc5 17. a4 Rd8 18. Qc4 Nh5 19. b3 Bg5 20. Bxg5 hxg5 21. Nd5 Nf4 22. Rd1 Ne6 23. g3 a6 24. Kg2 b5 25. axb5 axb5 26. Qc3 f6 27. b4 c4 28. Qe3 Ra8 29. c3 Kf7 30. h3 Ra2+ 31. Rd2 Ra1 1/2-1/2

[Event "SC-2015-0-00257"]
[Site "LSS email"]
[Date "2015.03.21"]
[Round "?"]
[White "Krug, Evgeny"]
[Black "Crapulli, Giuseppe"]
[Result "0-1"]
[WhiteElo "1767"]
[BlackElo "1700"]
[PlyCount "98"]
[EventDate "2015.01.27"]
[EventType "tourn (corr)"]
[EventRounds "6"]
[EventCountry "GER"]
[SourceTitle "Corr 2022"]
[Source "ChessBase"]
[SourceDate "2021.10.24"]
[SourceVersion "1"]
[SourceVersionDate "2021.10.24"]
[SourceQuality "1"]

1. e4 c5 2. Nf3 e6 3. d4 cxd4 4. Nxd4 a6 5. Nc3 Qc7 6. Be2 Nc6 7. 0-0 Nf6 8. Be3 Bb4 9. Nxc6 bxc6 10. Qd3 d5 11. a3 Be7 12. exd5 cxd5 13. f4 0-0 14. b4 Bd7 15. Bd4 a5 16. Rab1 axb4 17. axb4 Ra3 18. Qg3 Rfa8 19. Be5 Qb6+ 20. Qf2 Qxf2+ 21. Rxf2 Ne8 22. Bd3 f6 23. Bd4 Rb8 24. b5 Bd6 25. Re2 Bxf4 26. b6 Ra5 27. Bb5 Bxb5 28. Nxb5 Be5 29. c3 Kf7 30. Bf2 Ke7 31. c4 dxc4 32. Rc2 Ra4 33. Rbc1 Rba8 34. g3 Nd6 35. Nxd6 Kxd6 36. Rxc4 Rxc4 37. Rxc4 Ra1+ 38. Kg2 Ra2 39. Rb4 Rb2 40. Rc4 g5 41. h4 h6 42. Kf1 Kd5 43. Ra4 f5 44. Ra5+ Kd6 45. hxg5 hxg5 46. Ra8 Kc6 47. Rg8 g4 48. Kg1 Kd5 49. Kf1 Bd6 0-1

[Event "SC-2015-0-00257"]
[Site "LSS email"]
[Date "2015.03.21"]
[Round "?"]
[White "Laczay, Istvan"]
[Black "Krug, Evgeny"]
[Result "1/2-1/2"]
[WhiteElo "1698"]
[BlackElo "1767"]
[PlyCount "89"]
[EventDate "2015.01.27"]
[EventType "tourn (corr)"]
[EventRounds "6"]
[EventCountry "GER"]
[SourceTitle "Corr 2022"]
[Source "ChessBase"]
[SourceDate "2021.10.24"]
[SourceVersion "1"]
[SourceVersionDate "2021.10.24"]
[SourceQuality "1"]

1. d4 g6 2. c4 Nf6 3. Nc3 Bg7 4. e4 d6 5. Nf3 0-0 6. Be2 e5 7. Be3 exd4 8. Nxd4 Re8 9. f3 Nc6 10. Nc2 Be6 11. Qd2 Nd7 12. 0-0 a5 13. Na3 Nc5 14. Nd5 Rc8 15. Nb5 b6 16. Rad1 Qd7 17. Rfe1 a4 18. Bg5 f5 19. exf5 Bxf5 20. Bf1 Re6 21. Rxe6 Bxe6 22. Re1 Kh8 23. Bh4 Qf7 24. Bf2 Ne5 25. h3 Bxd5 26. cxd5 Kg8 27. f4 Ned7 28. g3 g5 29. fxg5 Ne5 30. Bg2 Rf8 31. Qe2 Qxf2+ 32. Qxf2 Rxf2 33. Kxf2 Ned3+ 34. Ke2 Nxe1 35. Kxe1 Bxb2 36. Ke2 a3 37. Ke3 Bc1+ 38. Kd4 Na6 39. Be4 Bxg5 40. Nxa3 h6 41. Nb5 Bf6+ 42. Kc4 Kf7 43. Bf5 Ke7 44. g4 Be5 45. Bc2 1/2-1/2

[Event "WC-2015-P-00007"]
[Site "LSS email"]
[Date "2015.01.19"]
[Round "?"]
[White "Krug, Evgeny"]
[Black "Hatsek, Werner"]
[Result "1/2-1/2"]
[WhiteElo "1767"]
[BlackElo "1994"]
[PlyCount "137"]
[EventDate "2015.01.25"]
[EventType "tourn (corr)"]
[EventRounds "12"]
[EventCountry "GER"]
[SourceTitle "Corr 2022"]
[Source "ChessBase"]
[SourceDate "2021.10.24"]
[SourceVersion "1"]
[SourceVersionDate "2021.10.24"]
[SourceQuality "1"]

1. e4 c5 2. Nf3 d6 3. d4 cxd4 4. Nxd4 Nf6 5. Nc3 Nc6 6. h3 e5 7. Nxc6 bxc6 8. Bc4 Be7 9. 0-0 0-0 10. Qd3 Rb8 11. Rd1 Be6 12. Bb3 Qc7 13. Qe2 h6 14. Re1 Rfe8 15. Bd2 Bd8 16. Qf3 Qe7 17. Rad1 Bc7 18. Qg3 Kh8 19. Qh4 Bd8 20. Bg5 Qd7 21. Bxf6 Bxf6 22. Qg3 Kg8 23. Bxe6 Qxe6 24. b3 Red8 25. Qd3 Be7 26. Qf3 Rbc8 27. Ne2 Bg5 28. c4 Rd7 29. Rd3 Bd8 30. Ng3 g6 31. Red1 Bb6 32. Qe2 Bc5 33. Nf1 f5 34. Nd2 Rf8 35. exf5 gxf5 36. Rg3+ Kh7 37. Nf3 e4 38. b4 Bxb4 39. Nd4 Qf6 40. Nxc6 Bc5 41. Kh1 Rc7 42. Na5 Bb6 43. Nb3 Rfc8 44. a4 Rxc4 45. a5 Bd8 46. Qh5 Be7 47. f3 f4 48. Rg4 e3 49. Kh2 Bf8 50. Qd5 Bg7 51. Nd4 R8c5 52. Qe4+ Kh8 53. Qe8+ Qf8 54. Qxf8+ Bxf8 55. Ne6 h5 56. Rh4 Be7 57. Rxf4 Rxf4 58. Nxf4 Bf6 59. Kg1 Rc2 60. g3 Bc3 61. Rxd6 e2 62. Nxe2 Rxe2 63. Rd8+ Kg7 64. Rd7+ Kf6 65. Kf1 Re1+ 66. Kg2 Re2+ 67. Kf1 Re1+ 68. Kg2 Re2+ 69. Kf1 1/2-1/2

[Event "WC-2015-P-00007"]
[Site "LSS email"]
[Date "2015.01.19"]
[Round "?"]
[White "Krug, Evgeny"]
[Black "Ustimenko, Aleksandr"]
[Result "0-1"]
[WhiteElo "1767"]
[BlackElo "2213"]
[PlyCount "70"]
[EventDate "2015.01.25"]
[EventType "tourn (corr)"]
[EventRounds "12"]
[EventCountry "GER"]
[SourceTitle "Corr 2022"]
[Source "ChessBase"]
[SourceDate "2021.10.24"]
[SourceVersion "1"]
[SourceVersionDate "2021.10.24"]
[SourceQuality "1"]

1. e4 c5 2. Nf3 d6 3. d4 cxd4 4. Nxd4 Nf6 5. Nc3 a6 6. Bc4 e6 7. 0-0 Be7 8. f4 b5 9. Be2 b4 10. e5 dxe5 11. fxe5 Nfd7 12. Na4 Nxe5 13. Bf4 Nbd7 14. Bf3 Ra7 15. Qe2 0-0 16. Qe3 Rc7 17. Be4 Ng4 18. Bxc7 Qxc7 19. Qf4 Nde5 20. h3 Nf6 21. Rad1 Bd6 22. Qe3 Bd7 23. b3 Bxa4 24. bxa4 Rd8 25. Kh1 Bc5 26. Nxe6 Rxd1 27. Rxd1 fxe6 28. Qe2 Ba7 29. Ba8 a5 30. Qb5 h5 31. Qb7 Qc5 32. Qa6 Kf7 33. Rf1 Bb8 34. Qe2 Nc4 35. Qf2 Qc7 0-1

[Event "WC-2015-P-00007"]
[Site "LSS email"]
[Date "2015.01.19"]
[Round "?"]
[White "Ustimenko, Aleksandr"]
[Black "Krug, Evgeny"]
[Result "1-0"]
[WhiteElo "2213"]
[BlackElo "1767"]
[PlyCount "111"]
[EventDate "2015.01.25"]
[EventType "tourn (corr)"]
[EventRounds "12"]
[EventCountry "GER"]
[SourceTitle "Corr 2022"]
[Source "ChessBase"]
[SourceDate "2021.10.24"]
[SourceVersion "1"]
[SourceVersionDate "2021.10.24"]
[SourceQuality "1"]

1. e4 e5 2. Ne2 Nf6 3. Nbc3 Bc5 4. d4 exd4 5. Nxd4 0-0 6. Bc4 Nc6 7. Nxc6 bxc6 8. 0-0 Re8 9. Bg5 d6 10. Re1 h6 11. Bh4 Be6 12. Bb3 Qe7 13. Qf3 g5 14. Bg3 Bxb3 15. axb3 d5 16. e5 Nd7 17. Qh5 Kg7 18. h4 Nf8 19. Ra4 Ne6 20. Nd1 d4 21. c3 d3 22. Re3 d2 23. Rf3 Rh8 24. b4 Bb6 25. Rf6 Rad8 26. c4 Rd4 27. Ra3 c5 28. Raf3 Rd7 29. R3f5 cxb4 30. hxg5 hxg5 31. Rxg5+ Nxg5 32. Qxg5+ Kf8 33. e6 Rh7 34. Bh4 Bd4 35. Rxf7+ Rxf7 36. Qh6+ Bg7 37. Bxe7+ Rdxe7 38. Qxd2 Rxe6 39. Qxb4+ Kg8 40. c5 Re2 41. g3 Rc2 42. Kf1 Rc1 43. Ke2 Re7+ 44. Kd2 Ra1 45. c6 Re8 46. Qb3+ Kh8 47. Qd5 Rb8 48. Qd7 Be5 49. f4 Bd6 50. Qf7 Ra5 51. f5 Re5 52. Qf6+ Kg8 53. Qg6+ Kh8 54. f6 Bf8 55. Nc3 Rxb2+ 56. Kd3 1-0

[Event "LSS No Engine Cup 124 Preliminary 0"]
[Site "LSS email"]
[Date "2015.01.12"]
[Round "?"]
[White "Krug, Evgeny"]
[Black "Vysotskiy, Evgeniy"]
[Result "1/2-1/2"]
[WhiteElo "1600"]
[BlackElo "1987"]
[PlyCount "87"]
[EventDate "2015.01.13"]
[EventType "tourn (corr)"]
[EventRounds "6"]
[EventCountry "GER"]
[SourceTitle "Corr 2022"]
[Source "ChessBase"]
[SourceDate "2021.10.24"]
[SourceVersion "1"]
[SourceVersionDate "2021.10.24"]
[SourceQuality "1"]

1. d4 d5 2. c4 e6 3. Nc3 Nf6 4. Nf3 Be7 5. g3 0-0 6. cxd5 exd5 7. Bg2 c6 8. 0-0 Re8 9. Bf4 Bf5 10. h3 Qb6 11. g4 Bg6 12. Na4 Qd8 13. Ne5 Nbd7 14. Nxg6 hxg6 15. Nc3 Nf8 16. Qb3 b5 17. Be5 Rc8 18. e3 Ne6 19. a4 b4 20. Ne2 Nd7 21. Bg3 g5 22. Rfd1 Nb6 23. Rac1 a5 24. Qc2 Bd6 25. b3 Re7 26. Qd3 Ra7 27. Rd2 Bxg3 28. fxg3 Rd7 29. Rdc2 Rd6 30. Qf5 Nf8 31. Qd3 Re6 32. Re1 Nfd7 33. e4 dxe4 34. Bxe4 g6 35. Nc1 Nd5 36. Rce2 Nc3 37. Re3 Nxe4 38. Rxe4 Rxe4 39. Rxe4 c5 40. dxc5 Nxc5 41. Qxd8+ Rxd8 42. Rc4 Rd5 43. Kf2 f5 44. gxf5 1/2-1/2

[Event "LSS No Engine Cup 124 Preliminary 0"]
[Site "LSS email"]
[Date "2015.01.12"]
[Round "?"]
[White "Shim Ng Min, Francis"]
[Black "Krug, Evgeny"]
[Result "0-1"]
[WhiteElo "1495"]
[BlackElo "1600"]
[PlyCount "36"]
[EventDate "2015.01.13"]
[EventType "tourn (corr)"]
[EventRounds "6"]
[EventCountry "GER"]
[SourceTitle "Corr 2022"]
[Source "ChessBase"]
[SourceDate "2021.10.24"]
[SourceVersion "1"]
[SourceVersionDate "2021.10.24"]
[SourceQuality "1"]

1. e4 e5 2. Nf3 Nf6 3. Nxe5 d6 4. Nf3 Nxe4 5. d4 d5 6. Bd3 Nc6 7. h3 Be7 8. 0-0 Bf5 9. Be3 Qd6 10. c3 Qg6 11. Kh1 Nxf2+ 12. Rxf2 Bxd3 13. Nbd2 0-0-0 14. Ne5 Nxe5 15. dxe5 Rhe8 16. Qa4 a6 17. Nf3 f6 18. exf6 Bd6 0-1

[Event "SD-2014-0-00207"]
[Site "LSS email"]
[Date "2014.12.08"]
[Round "?"]
[White "Dlugolecki, Grzegorz"]
[Black "Krug, Evgeny"]
[Result "1/2-1/2"]
[WhiteElo "1634"]
[BlackElo "1500"]
[PlyCount "51"]
[EventDate "2014.10.11"]
[EventType "tourn (corr)"]
[EventRounds "6"]
[EventCountry "GER"]
[SourceTitle "Corr 2022"]
[Source "ChessBase"]
[SourceDate "2021.10.24"]
[SourceVersion "1"]
[SourceVersionDate "2021.10.24"]
[SourceQuality "1"]

1. e4 c5 2. Nf3 Nc6 3. Bb5 e6 4. 0-0 Nge7 5. c3 a6 6. Ba4 b5 7. Bc2 Bb7 8. Qe2 Rc8 9. d4 cxd4 10. cxd4 Ng6 11. a4 Nb4 12. Bb3 bxa4 13. Bxa4 Be7 14. Nc3 0-0 15. Rd1 d5 16. e5 Bc6 17. Be3 h6 18. Bb3 f5 19. Ne1 f4 20. Bd2 Be8 21. Qg4 Rf5 22. Nc2 Nh4 23. Nxb4 Bh5 24. Qh3 Bxb4 25. Nxd5 Bxd1 26. Bxb4 1/2-1/2

[Event "SD-2014-0-00207"]
[Site "LSS email"]
[Date "2014.12.08"]
[Round "?"]
[White "Krug, Evgeny"]
[Black "Cvak, Rudolf"]
[Result "1/2-1/2"]
[WhiteElo "1500"]
[BlackElo "1720"]
[PlyCount "46"]
[EventDate "2014.10.11"]
[EventType "tourn (corr)"]
[EventRounds "6"]
[EventCountry "GER"]
[SourceTitle "Corr 2022"]
[Source "ChessBase"]
[SourceDate "2021.10.24"]
[SourceVersion "1"]
[SourceVersionDate "2021.10.24"]
[SourceQuality "1"]

1. e4 e5 2. Nf3 Nc6 3. Bb5 f5 4. Nc3 fxe4 5. Nxe4 Nf6 6. Qe2 d5 7. Neg5 Bd6 8. Bxc6+ bxc6 9. Nxe5 0-0 10. 0-0 Bxe5 11. Qxe5 Ng4 12. Qg3 Qxg5 13. h3 Qe5 14. hxg4 Qxg3 15. fxg3 Rxf1+ 16. Kxf1 Bxg4 17. d3 Rf8+ 18. Kg1 Bd1 19. Bf4 Bxc2 20. Rc1 Bxd3 21. Rxc6 Rf7 22. Rxc7 Rxc7 23. Bxc7 Kf7 1/2-1/2